[Event "South America-ch U14 16th"]
[Site "Buenos Aires"]
[Date "2019.12.05"]
[Round "7.7"]
[White "Goldwasser, Jonathan1111"]
[Black "Wong Velis, Francisco Jesus"]
[Result "1-0"]
[WhiteElo "1879"]
[BlackElo "1754"]
[PlyCount "111"]
[EventDate "2019.12.01"]
[EventType "swiss"]
[EventRounds "9"]
[EventCountry "ARG"]
[SourceTitle "EXT 2024"]
[Source "ChessBase"]
[SourceDate "2023.10.10"]
[SourceVersion "1"]
[SourceVersionDate "2023.10.10"]
[SourceQuality "1"]

1. e4 c5 2. Nc3 e6 3. g3 Nc6 4. Bg2 g6 5. f4 Bg7 6. Nf3 d5 7. e5 a6 8. a4 Nge7 9. 0-0 0-0 10. Kh1 Rb8 11. d4 c4 12. b3 b5 13. axb5 axb5 14. bxc4 bxc4 15. Ba3 Nf5 16. Bxf8 Bxf8 17. Qd2 h5 18. Ne2 Bb4 19. c3 Be7 20. Rfb1 Rxb1+ 21. Rxb1 Na5 22. Qa2 Bd7 23. Nd2 Qc7 24. Ra1 Bd8 25. h3 Ne7 26. g4 hxg4 27. hxg4 Nec6 28. f5 Kg7 29. f6+ Kf8 30. Rf1 Ke8 31. Nf4 Bc8 32. Nxg6 fxg6 33. f7+ Kf8 34. Qc2 Ne7 35. Qc1 Nf5 36. gxf5 gxf5 37. Qd1 Qxf7 38. Nf3 Nb3 39. Qe2 Qh5+ 40. Kg1 Bh4 41. Qe3 Be7 42. Kf2 Qg6 43. Rh1 Ke8 44. Nh4 Qg4 45. Nf3 Qe4 46. Rh8+ Kd7 47. Qh6 f4 48. Qh5 Kc7 49. Qe8 Bh4+ 50. Rxh4 Bd7 51. Qe7 Qe3+ 52. Kf1 Nd2+ 53. Nxd2 Qd3+ 54. Ke1 Qe3+ 55. Kd1 Qg1+ 56. Bf1 1-0

[Event "Pan American-ch Amateur U2000"]
[Site "San Jose"]
[Date "2019.10.23"]
[Round "1.15"]
[White "Wong Velis, Francisco Jesus"]
[Black "Serafim Junior, Arnor"]
[Result "1/2-1/2"]
[WhiteElo "1685"]
[BlackElo "1844"]
[PlyCount "70"]
[EventDate "2019.10.23"]
[EventType "swiss"]
[EventRounds "9"]
[EventCountry "CRI"]
[SourceTitle "EXT 2024"]
[Source "ChessBase"]
[SourceDate "2023.10.10"]
[SourceVersion "1"]
[SourceVersionDate "2023.10.10"]
[SourceQuality "1"]

1. e4 c5 2. Nc3 Nc6 3. Bb5 Nd4 4. f4 Nxb5 5. Nxb5 a6 6. Nc3 d6 7. a4 Nf6 8. Nf3 g6 9. d3 Bg7 10. 0-0 0-0 11. Qe1 e6 12. h3 Rb8 13. g4 b5 14. axb5 axb5 15. Qh4 b4 16. Ne2 Nd7 17. Qg3 f5 18. e5 Nb6 19. Bd2 Nd5 20. Ra7 Qb6 21. Rfa1 c4+ 22. d4 Bb7 23. exd6 Qxd6 24. Ne5 Bxe5 25. fxe5 Qc6 26. Kh2 Qb5 27. R1a5 Qb6 28. Bh6 Rf7 29. c3 bxc3 30. bxc3 Ne7 31. Ra1 fxg4 32. hxg4 Qb2 33. Re1 Nc6 34. Raa1 Qb6 35. Rf1 Nd8 1/2-1/2

[Event "Lima-ch U12"]
[Site "Lima"]
[Date "2017.01.15"]
[Round "7.3"]
[White "Wong Velis, Francisco Jesus"]
[Black "Pastor Aragon, Mateo"]
[Result "1/2-1/2"]
[WhiteElo "1388"]
[BlackElo "1489"]
[PlyCount "29"]
[EventDate "2017.01.12"]
[EventType "swiss"]
[EventRounds "7"]
[EventCountry "PER"]
[SourceTitle "EXT 2024"]
[Source "ChessBase"]
[SourceDate "2023.10.10"]
[SourceVersion "1"]
[SourceVersionDate "2023.10.10"]
[SourceQuality "1"]

1. e4 c5 2. Nf3 e6 3. d4 cxd4 4. Nxd4 Nc6 5. Be3 Qc7 6. a3 a6 7. Nc3 Nf6 8. Be2 Be7 9. 0-0 0-0 10. f4 d6 11. Nxc6 bxc6 12. Bd3 d5 13. e5 Nd7 14. Qh5 f5 15. Rf3 1/2-1/2